000 00323nam a2200133Ia 4500
005 20251222144851.0
008 251222s9999||||xx |||||||||||||| ||spa||
020 _a968-853-066-2
082 _a616.891.56/M61
100 _aMinuchin, Salvador
245 0 _aTécnicas de Terapia Familiar
264 _bPaidós
942 _cLIB
999 _c21616
_d21616